Normal view MARC view

Entry Personal Name

Number of records used in: 1

001 - CONTROL NUMBER

  • control field: 4666

003 - CONTROL NUMBER IDENTIFIER

  • control field: OSt

005 - DATE AND TIME OF LATEST TRANSACTION

  • control field: 20211105132556.0

008 - FIXED-LENGTH DATA ELEMENTS

  • fixed length control field: 211105|| aca||aabn | a|a d

040 ## - CATALOGING SOURCE

  • Original cataloging agency: OSt
  • Transcribing agency: OSt

100 ## - HEADING--PERSONAL NAME

  • Personal name: Seitte, D., ed

670 ## - SOURCE DATA FOUND

  • Source citation: Work cat.: (OSt): International School of Physics 'Enrico Fermi" Course Varenna Lake Como, Villa Monastero 1962 Aug.6- Aug.18 4665, Dispersion and absorption of sound by moleculer processes, 1963

Powered by Koha